Soil and plant analysis for tree culture (Record no. 352469)
[ view plain ]
| 000 -LEADER | |
|---|---|
| fixed length control field | 004540000a22001690004500 |
| 060 ## - NATIONAL LIBRARY OF MEDICINE CALL NUMBER | |
| Classification number | 100 |
| 082 ## - DEWEY DECIMAL CLASSIFICATION NUMBER | |
| Classification number | 631.4 WIL |
| 100 ## - MAIN ENTRY--PERSONAL NAME | |
| Personal name | Dyer J G |
| 100 ## - MAIN ENTRY--PERSONAL NAME | |
| Personal name | Wilde S A, Corey R B |
| 245 ## - TITLE STATEMENT | |
| Title | Soil and plant analysis for tree culture |
| 250 ## - EDITION STATEMENT | |
| Edition statement | 5 |
| 260 ## - PUBLICATION, DISTRIBUTION, ETC. (IMPRINT) | |
| Place of publication, distribution, etc. | Newdelhi, Oxford & IBH publishing company |
| 260 ## - PUBLICATION, DISTRIBUTION, ETC. (IMPRINT) | |
| Date of publication, distribution, etc. | 1979 |
| 300 ## - PHYSICAL DESCRIPTION | |
| Extent | 224 |
| 650 ## - SUBJECT ADDED ENTRY--TOPICAL TERM | |
| Topical term or geographic name as entry element | Soil-analysis/plant-analysis/tree culture/soilk science/soil-physical proprties |
| 942 ## - ADDED ENTRY ELEMENTS (KOHA) | |
| Koha item type | Books (General) |
| Withdrawn status | Lost status | Damaged status | Not for loan | Home library | Current library | Date acquired | Total Checkouts | Full call number | Barcode | Date last seen | Price effective from | Koha item type |
|---|---|---|---|---|---|---|---|---|---|---|---|---|
| College of Agriculture, Vellayani | College of Agriculture, Vellayani | 02/05/2014 | 631.4 WIL | KAU_COAV-16526 | 02/05/2014 | 02/05/2014 | Books (General) |
